Loading...
| Social Science | 0 | 8 | 0 | 1 | 80 | 66 | 101.50 | 1 | 5 |
| Science - Physics | 2 | 5 | 2 | 2 | 70 | 41 | 88.43 | 1 | 5 |
| History - American History | 0 | 5 | 0 | 1 | 50 | 80 | 98.60 | 0 | 3 |
| History - Other History | 0 | 5 | 1 | 1 | 45 | 78 | 117.20 | 0 | 2 |
| Philosophy | 0 | 5 | 1 | 2 | 45 | 78 | 102.60 | 1 | 2 |
| History - European History | 0 | 5 | 1 | 2 | 45 | 85 | 116.20 | 0 | 1 |
| Fine Arts - Auditory Fine Arts | 0 | 4 | 0 | 2 | 40 | 132 | 143.75 | 0 | 0 |
| Literature - European Literature | 0 | 4 | 1 | 0 | 35 | 79 | 103.50 | 2 | 2 |
| Literature - World Literature | 1 | 2 | 1 | 0 | 30 | 67 | 99.00 | 1 | 2 |
| Literature - American Literature | 0 | 4 | 2 | 0 | 30 | 80 | 110.75 | 0 | 1 |
| Literature - British Literature | 0 | 4 | 2 | 1 | 30 | 102 | 127.75 | 0 | 0 |
| Pop Culture | 0 | 3 | 0 | 2 | 30 | 101 | 114.33 | 1 | 1 |
| Science - Other Science | 0 | 3 | 2 | 1 | 20 | 72 | 105.33 | 0 | 2 |
| Mythology | 0 | 3 | 2 | 0 | 20 | 84 | 114.67 | 0 | 2 |
| Fine Arts - Visual Fine Arts | 0 | 3 | 2 | 1 | 20 | 106 | 117.33 | 0 | 1 |
| Science - Biology | 0 | 2 | 1 | 0 | 15 | 120 | 125.00 | 0 | 0 |
| Current Events | 1 | 0 | 0 | 0 | 15 | 47 | 47.00 | 0 | 0 |
| Religion | 0 | 2 | 1 | 2 | 15 | 127 | 132.50 | 0 | 1 |
| Fine Arts - Other Fine Arts | 0 | 3 | 3 | 1 | 15 | 139 | 143.00 | 0 | 1 |
| Geography | 0 | 1 | 0 | 0 | 10 | 94 | 94.00 | 0 | 1 |
| History - World History | 1 | 1 | 4 | 0 | 5 | 52 | 90.50 | 1 | 2 |
| Science - Chemistry | 0 | 0 | 0 | 0 | 0 | 0.00 | 0 | 0 | |
| Other Academic | 0 | 0 | 1 | 0 | -5 | 0.00 | 0 | 0 |